000 00796nam a22002177a 4500
999 _c4440
_d4440
003 AR-CdUCM
008 190308b ||||| |||| 00| 0 spa d
040 _aMUNICIPALIDAD PROVINCIAL DEL CUSCO
_cBIBLIOTECA MUNICIPAL DEL CUSCO
082 _a780.1 /
_bP33
100 _aPaz, Juan Carlos
_913973
245 _aIntroducción a la música de nuestro tiempo /
260 _aBuenos Aires :
_bNueva Visión,
_c1955.
300 _a467 páginas ;
_c20 cm.
505 _aHacia un nuevo estilo -- Situación y oportunidad -- Bajo el signo atonal -- Expresionismo -- Dodecafonismo -- La nueva objetividad...
650 _aMúsica.
_91443
650 _aMúsica actual.
_913974
650 _aMicrotonalismo.
_913975
650 _aMúsica europea.
_913976
942 _2ddc
_cLIBROS
945 _awfj
_d2019-03-08